000
00277nam a2200121Ia 4500
008
190216s9999||||xx |||||||||||||| ||und||
100
_a
Suresh G
245
0
_a
Law Of Sales Tax In Kerals
260
_b
As Prakashan
_c
1992
300
_a
670p
650
_a
Commerce
942
_c
REF
999
_c
36156
_d
36156